| 000 | 00446nam a2200181 a 4500 | ||
|---|---|---|---|
| 001 | 14742 | ||
| 003 | CO-ViMGA | ||
| 008 | 141112s2004 ck r 000 u spa d | ||
| 020 | _a9586154890 | ||
| 040 |
_aCO-ViMGA _bspa _cCO-ViMGA |
||
| 082 | 0 | 4 | _aCo861.5 S458p |
| 100 | 1 | _aSilva, Jose Asunción | |
| 245 | 1 | 0 | _aPoesia completa |
| 260 | _aBogotá.educar cultural.1998 | ||
| 300 | _a196.p. | ||
| 650 | 1 | 4 |
_aPOESIA COLOMBIANA _91069 |
| 942 |
_2ddc _cBK |
||
| 999 |
_c25249 _d25249 |
||